000 01356nam a22002537a 4500
999 _c57758
_d57758
003 Ge_BSU
005 20201105114352.0
008 201105s2008ge xxu||||| |||| 00| 0 geo d
020 _a9789941902703
041 _ageo
080 _a616.3.1 რ-15
100 _aრადლინსკი, ს
_99693
245 _aკბილთა ესთეტიკური რესტავრაცია /
_cს.რადლინსკი ; მთ.რედ. ნ.ვადაჭკორია ; რედ : ნ.გუმბერიძე ; ნ. მანჯგალაძე.
264 _aთბილისი :
_bპოლარის პრინტი,
_c2008.
300 _a372 გვ.:
_bფოტომასალა და ილ ;
_c29სმ.
504 _aბიბლიოგრაფ. გვ:261-264
653 _aსტომატოლოგია
653 _aმედიცინა
700 _aვადაჭკორია, ნ
_eმთავარი რედაქტორი
_99694
700 _aგუმბერიძე, ნ
_eრედაქტორი
_99695
700 _aმანჯავიძე, ნ
_eრედაქტორი
_99696
710 _aთბილისის სახელმწიფო სამედიცინო უნივერსიტეტი
_99697
942 _2udc
_cBK